Understanding The Complexity of Deseases and their Prevention (Record no. 13070)

MARC details
000 -LEADER
fixed length control field 00505nam a22002057a 4500
003 - CONTROL NUMBER IDENTIFIER
control field OSt
008 - FIXED-LENGTH DATA ELEMENTS--GENERAL INFORMATION
fixed length control field 250204b |||||||| |||| 00| 0 eng d
020 ## - INTERNATIONAL STANDARD BOOK NUMBER
International Standard Book Number 9789397818431
082 ## - DEWEY DECIMAL CLASSIFICATION NUMBER
Classification number 515.9 MIU
100 ## - MAIN ENTRY--PERSONAL NAME
Personal name Mittal, Garima
245 ## - TITLE STATEMENT
Title Understanding The Complexity of Deseases and their Prevention
260 ## - PUBLICATION, DISTRIBUTION, ETC. (IMPRINT)
Place of publication, distribution, etc Delhi
Name of publisher, distributor, etc Naples India Pub
300 ## - PHYSICAL DESCRIPTION
Extent 713
650 ## - SUBJECT ADDED ENTRY--TOPICAL TERM
Topical term or geographic name as entry element Pharmacology
700 ## - ADDED ENTRY--PERSONAL NAME
Personal name Mukesh Rani
700 ## - ADDED ENTRY--PERSONAL NAME
Personal name Vipsha
700 ## - ADDED ENTRY--PERSONAL NAME
Personal name Suman
700 ## - ADDED ENTRY--PERSONAL NAME
Personal name Ruhal, poonam
942 ## - ADDED ENTRY ELEMENTS (KOHA)
Source of classification or shelving scheme Dewey Decimal Classification
Koha item type Text Books
Holdings
Withdrawn status Lost status Source of classification or shelving scheme Damaged status Not for loan Collection code Home library Current library Date acquired Source of acquisition Currency Cost, normal purchase price Total Checkouts Full call number Acc. no. / Barcode Date last seen Actual Cost, discounted price Bill Date Koha item type
    Dewey Decimal Classification     B.Pharma PIET C-LIBRARY PIET C-LIBRARY 29/01/2025 PIET In Rupees 800.00   515.9 MIU BP2631 04/02/2025 800.00 29/01/2025 Text Books

Design & Developed by: PIET Central Library
R70 Miles Stone Pattikalyana Samalkha Panipat 132102
mail ID :- [email protected], Phone No:- 0180-2569700 Ex.216